000 01065nam a22002657a 4500
001 9317
003 FISKH
005 20251210113841.0
008 251210b cb ||||| |||| 00| 0 eng d
020 _a9780545582919
040 _aFISKH
_beng
_cFISKH
_dFISKH
050 _aQL83 .S545
082 _a591.3
100 _aShields, Amy
245 _aSaving animal babies /
_cAmy Shields
260 _aNew York :
_bScholastic,
_c2013.
300 _a32 pages :
_bcolor illustrations ;
_c23 cm
505 _aL
520 _aThese heartwarming stories of animal babies, rescued and nursed back to health by humans, will pull at the heart strings and make kids realize there's a survivor inside all of us. This reader is illustrated with adorable photographs that document these animals' recoveries. The carefully written text guarantees a successful and rewarding reading experience for level 1 readers"--
521 8 _a520
_bLexile
521 8 _aL
_bRaz-Plus
650 _aNational Geographic Kids
_vNon Fiction
942 _2ddc
_cBK
_n0
999 _c9317
_d9317